000 00496nam a2200169Ia 4500
999 _c21169
_d21169
003 OSt
005 20200615123227.0
008 190216s9999||||xx |||||||||||||| ||und||
020 _a9788170332626
040 _coclc
082 _a305.50954
_bSHA/S
100 _aSharma, K L
_92894
245 0 _aSocial Stratification And Mobility /
_cK L Sharma
260 _bRawat Publications,
_aJaipur:
_c2006.
300 _a281p
942 _cBK
_2ddc
_h305.50954
_iSHA/S
_k305.50954
_mSHA/S